| 000 -LEADER |
| fixed length control field |
01747cam a2200373 a 4500 |
| 001 - CONTROL NUMBER |
| control field |
12354065 |
| 003 - CONTROL NUMBER IDENTIFIER |
| control field |
NUST |
| 005 - DATE AND TIME OF LATEST TRANSACTION |
| control field |
20170613131512.0 |
| 008 - FIXED-LENGTH DATA ELEMENTS--GENERAL INFORMATION |
| fixed length control field |
010321s2000 enkab b 001 0deng d |
| 010 ## - LIBRARY OF CONGRESS CONTROL NUMBER |
| LC control number |
2001267501 |
| 020 ## - INTERNATIONAL STANDARD BOOK NUMBER |
| International Standard Book Number |
1860646166 |
| 035 ## - SYSTEM CONTROL NUMBER |
| System control number |
(OCoLC)ocm45741200 |
| 040 ## - CATALOGING SOURCE |
| Original cataloging agency |
ORX |
| Transcribing agency |
ORX |
| Modifying agency |
EMU |
| -- |
DLC |
| 042 ## - AUTHENTICATION CODE |
| Authentication code |
lccopycat |
| 043 ## - GEOGRAPHIC AREA CODE |
| Geographic area code |
f-rw--- |
| 050 00 - LIBRARY OF CONGRESS CALL NUMBER |
| Classification number |
DT450.435 |
| Item number |
.K44 2000 |
| 082 00 - DEWEY DECIMAL CLASSIFICATION NUMBER |
| Classification number |
967.57104 |
| Edition number |
21 |
| Author Mark |
KHA 2000 |
| 100 1# - MAIN ENTRY--PERSONAL NAME |
| Personal name |
Khan, Shaharyar M. |
| 9 (RLIN) |
2574 |
| 245 14 - TITLE STATEMENT |
| Title |
The shallow graves of Rwanda / |
| Statement of responsibility, etc. |
Shaharyar M. Khan ; foreword by Mary Robinson. |
| 260 ## - PUBLICATION, DISTRIBUTION, ETC. |
| Place of publication, distribution, etc. |
London ; |
| -- |
New York : |
| Name of publisher, distributor, etc. |
I.B. Tauris, |
| Date of publication, distribution, etc. |
2000. |
| 300 ## - PHYSICAL DESCRIPTION |
| Extent |
xi, 228 p. : |
| Other physical details |
ill., map ; |
| Dimensions |
24 cm. |
| 500 ## - GENERAL NOTE |
| General note |
acc no 2865,2866 are photocopy |
| 504 ## - BIBLIOGRAPHY, ETC. NOTE |
| Bibliography, etc. note |
Includes bibliographical references (p. 220) and index. |
| 600 10 - SUBJECT ADDED ENTRY--PERSONAL NAME |
| Personal name |
Khan, Shaharyar M. |
| 9 (RLIN) |
2574 |
| 650 #0 - SUBJECT ADDED ENTRY--TOPICAL TERM |
| Topical term or geographic name entry element |
Genocide |
| Geographic subdivision |
Rwanda |
| General subdivision |
History |
| Chronological subdivision |
20th century. |
| 9 (RLIN) |
2575 |
| 650 #0 - SUBJECT ADDED ENTRY--TOPICAL TERM |
| Topical term or geographic name entry element |
Tutsi (African people) |
| General subdivision |
Crimes against |
| Geographic subdivision |
Rwanda |
| General subdivision |
History |
| Chronological subdivision |
20th century. |
| 9 (RLIN) |
2576 |
| 650 #0 - SUBJECT ADDED ENTRY--TOPICAL TERM |
| Topical term or geographic name entry element |
Hutu (African people) |
| Geographic subdivision |
Rwanda |
| General subdivision |
Politics and government |
| Chronological subdivision |
20th century. |
| 9 (RLIN) |
2577 |
| 651 #0 - SUBJECT ADDED ENTRY--GEOGRAPHIC NAME |
| Geographic name |
Rwanda |
| General subdivision |
History |
| Chronological subdivision |
Civil War, 1994 |
| Form subdivision |
Personal narratives. |
| 9 (RLIN) |
2578 |
| 651 #0 - SUBJECT ADDED ENTRY--GEOGRAPHIC NAME |
| Geographic name |
Rwanda |
| General subdivision |
Ethnic relations |
| -- |
History |
| Chronological subdivision |
20th century. |
| 9 (RLIN) |
2579 |
| 856 42 - ELECTRONIC LOCATION AND ACCESS |
| Materials specified |
Contributor biographical information |
| Uniform Resource Identifier |
<a href="http://www.loc.gov/catdir/bios/hol056/2001267501.html">http://www.loc.gov/catdir/bios/hol056/2001267501.html</a> |
| 856 42 - ELECTRONIC LOCATION AND ACCESS |
| Materials specified |
Publisher description |
| Uniform Resource Identifier |
<a href="http://www.loc.gov/catdir/description/hol052/2001267501.html">http://www.loc.gov/catdir/description/hol052/2001267501.html</a> |
| 856 41 - ELECTRONIC LOCATION AND ACCESS |
| Materials specified |
Table of contents |
| Uniform Resource Identifier |
<a href="http://www.loc.gov/catdir/toc/hol051/2001267501.html">http://www.loc.gov/catdir/toc/hol051/2001267501.html</a> |
| 906 ## - LOCAL DATA ELEMENT F, LDF (RLIN) |
| a |
7 |
| b |
cbc |
| c |
copycat |
| d |
2 |
| e |
ncip |
| f |
20 |
| g |
y-gencatlg |
| 942 ## - ADDED ENTRY ELEMENTS (KOHA) |
| Source of classification or shelving scheme |
|
| Koha item type |
Book |